Văn hóa dân gian Việt - Chăm nhìn trong mối quan hệ : Qua cứ liệu văn hóa dân gian miền Trung
Giới thiệu khái luận về đặc điểm lịch sử-văn hóa Việt-Chăm tại miền Trung Việt Nam và những cơ sở thực tiễn trong mối giao lưu văn hóa dân gian Việt-Chăm, Chăm-Việt,...
שמור ב:
| מחבר ראשי: | |
|---|---|
| פורמט: | ספר |
| שפה: | Undetermined |
| יצא לאור: |
Hà Nội
Khoa học - Xã hội
2015
|
| נושאים: | |
| תגים: |
הוספת תג
אין תגיות, היה/י הראשונ/ה לתייג את הרשומה!
|
| Thư viện lưu trữ: | Trung tâm Học liệu Trường Đại học Cần Thơ |
|---|
| LEADER | 01022nam a2200217Ia 4500 | ||
|---|---|---|---|
| 001 | CTU_209317 | ||
| 008 | 210402s9999 xx 000 0 und d | ||
| 082 | |a 398.09597 | ||
| 082 | |b H420/Q.2 | ||
| 100 | |a Võ, Văn Hòe | ||
| 245 | 0 | |a Văn hóa dân gian Việt - Chăm nhìn trong mối quan hệ : | |
| 245 | 0 | |b Qua cứ liệu văn hóa dân gian miền Trung | |
| 245 | 0 | |c Võ Văn Hòe, Trần Hồng, Hồ Tấn Tuấn | |
| 260 | |a Hà Nội | ||
| 260 | |b Khoa học - Xã hội | ||
| 260 | |c 2015 | ||
| 520 | |a Giới thiệu khái luận về đặc điểm lịch sử-văn hóa Việt-Chăm tại miền Trung Việt Nam và những cơ sở thực tiễn trong mối giao lưu văn hóa dân gian Việt-Chăm, Chăm-Việt,... | ||
| 650 | |a Văn hóa dân gian,Folklore | ||
| 650 | |z Việt Nam,Vietnam | ||
| 904 | |i Trần Thị Yến Nhi,Hải | ||
| 980 | |a Trung tâm Học liệu Trường Đại học Cần Thơ | ||